FNAF characters - Statistics

General Stats
  • This quiz has been taken 711 times
  • The average score is 13 of 30
Answer Stats
HINTS Answer % Correct
the leader Freddy
95%
YAR Foxy
92%
cupcake Chica
90%
sick riffs Bonnie
79%
a black nightmare fredbear Nightmare
79%
HI Balloon Boy
76%
just hangin' mangle
74%
wind it up Marionette
62%
closet Nightmare Foxy
60%
plastic mic Toy Freddy
57%
I'm still here springtrap
56%
plastic riffs Toy Bonnie
53%
bit rude Toy Chica
50%
watermelon Phantom Chica
41%
de-mangled Funtime Foxy
37%
spiky ears Nightmare Bonnie
36%
want a bite Nightmare Chica
36%
are you ready Nightmare Freddy
36%
little girl Baby
34%
listen close Ballora
31%
look up Nightmare Fredbear
30%
strolling Phantom Freddy
25%
the eye Withered Bonnie
15%
only heard Phone Guy
12%
decepteive Enard
4%
so small Bidybabs
2%
the second Jeremy Fitzgerald
2%
the first Mike Schmidt
2%
1st custom night Fritz Smith
1%
whatching Phantom Marrionette
1%
No matching quizzes found
Score Distribution
Percent of People with Each Score
Percentile by Number Answered
Your Score History
You have not taken this quiz